|
|
|
|
| LEADER |
01033nam a22002177a 4500 |
| 001 |
AAL4077 |
| 003 |
BD-DhAAL |
| 005 |
20160420100910.0 |
| 008 |
160420s 2000bg ||||| |||| 00| 0 ben d |
| 040 |
|
|
|a BD-DhAAL
|c BD-DhAAL
|
| 082 |
|
|
|a 891.44
|
| 245 |
|
|
|a মুহম্মদ আবদুল হাই স্মারকতগ্রন্থ /
|c সম্পাদক মোহাম্মদ মনিরুজ্জামান
|
| 260 |
|
|
|a ঢাকা :
|b এশিয়াটিক সোসাইটি অব বাংলাদেশ,
|c ২০০০
|
| 300 |
|
|
|a ৫১৭ পৃ. ;
|c ২২ সে.মি.
|
| 541 |
|
|
|e 4077
|
| 600 |
|
|
|a হাই, মুহাম্মদ আবদুল
|9 19127
|
| 700 |
|
|
|a মনিরুজ্জামান, মোহাম্মদ
|9 19128
|
| 852 |
|
|
|a Savar Campus Library
|c General Shelf
|
| 942 |
|
|
|2 ddc
|c BK
|
| 999 |
|
|
|c 37439
|d 37439
|
| 952 |
|
|
|0 0
|1 0
|2 ddc
|4 0
|6 891_440000000000000_MUH
|7 0
|9 58786
|a SCL
|b SCL
|c GEN
|d 2016-04-20
|g 500.00
|l 0
|o 891.44 MUH
|p 3020004077
|r 2016-04-20
|t 1
|w 2016-04-20
|y BK
|